书目信息 |
| 题名: |
绕开日常饮食的100个误区
|
|
| 作者: | 刘烈刚 , 杨雪锋 主编 | |
| 分册: | ||
| 出版信息: | 北京 中国医药科技出版社 2019.5 |
|
| 页数: | 189页 | |
| 开本: | 24cm | |
| 丛书名: | ||
| 单 册: | ||
| 中图分类: | R151.4 | |
| 科图分类: | ||
| 主题词: | 合理营养--基本知识 | |
| 电子资源: | ||
| ISBN: | 978-7-5214-0719-8 | |
| 000 | 00946nam0 2200253 45 | |
| 001 | 012001001187 | |
| 005 | 20140913094514.0 | |
| 010 | @a978-7-5214-0719-8@dCNY39.00 | |
| 100 | @a20190427d2019 em y0chiy50 ea | |
| 101 | 0 | @achi |
| 102 | @aCN@b110000 | |
| 105 | @aa z 000yy | |
| 106 | @ar | |
| 200 | 1 | @a绕开日常饮食的100个误区@Arao kai ri chang yin shi de 100 ge wu qu@b专著@f刘烈刚,杨雪锋主编 |
| 210 | @a北京@c中国医药科技出版社@d2019.5 | |
| 215 | @a189页@c彩图@d24cm | |
| 300 | @a智慧生活 健康饮食 | |
| 330 | @a本书详解了普遍存在于老百姓饮食观念中的饮食误区,全面涵盖主食肉菜、油盐酱醋、水酒茶饮及生活习惯等方面。每个误区讲解后都有相应的正确膳食建议,教大家如何正确地吃,充分发挥食材营养,吃出健康好身体。 | |
| 606 | 0 | @a合理营养@x基本知识 |
| 690 | @aR151.4@v5 | |
| 701 | 0 | @a刘烈刚@Aliu lie gang@f(1966.12~)@4主编 |
| 701 | 0 | @a杨雪锋@Ayang xue feng@4主编 |
| 801 | 0 | @aCN@bBJSDL@c20211011 |
| 905 | @b1333382-5@dR151.4@e140@f4 | |
| 绕开日常饮食的100个误区/刘烈刚,杨雪锋主编.-北京:中国医药科技出版社,2019.5 |
| 189页:彩图;24cm |
| 智慧生活 健康饮食 |
| ISBN 978-7-5214-0719-8:CNY39.00 |
| 本书详解了普遍存在于老百姓饮食观念中的饮食误区,全面涵盖主食肉菜、油盐酱醋、水酒茶饮及生活习惯等方面。每个误区讲解后都有相应的正确膳食建议,教大家如何正确地吃,充分发挥食材营养,吃出健康好身体。 |
| ● |
| 相关链接 |
|
|
|
|
正题名:绕开日常饮食的100个误区
索取号:R151.4/140
 
预约/预借
| 序号 | 登录号 | 条形码 | 馆藏地/架位号 | 状态 | 备注 |
| 1 | 1333382 | 213333828 | 第二样本阅览室/ [索取号:R151.4/140] | 在馆 | |
| 2 | 1333383 | 213333837 | 第三借阅区/ [索取号:R151.4/140] | 在馆 | |
| 3 | 1333384 | 213333846 | 第三借阅区/ [索取号:R151.4/140] | 在馆 | |
| 4 | 1333385 | 213333855 | 第三借阅区/ [索取号:R151.4/140] | 在馆 |